Kunci menjadi individu berkredibiliti : (Record no. 702)

000 -LEADER
fixed length control field nam a22 a 4500
003 - CONTROL NUMBER IDENTIFIER
control field AKMAL
005 - DATE AND TIME OF LATEST TRANSACTION
control field 20170504155611.0
008 - FIXED-LENGTH DATA ELEMENTS--GENERAL INFORMATION
fixed length control field 170504t20052008my e 000 0cmay d
020 ## - INTERNATIONAL STANDARD BOOK NUMBER
International Standard Book Number 9833372171 (kkt.) :
Terms of availability RM19.00
020 ## - INTERNATIONAL STANDARD BOOK NUMBER
International Standard Book Number 9789833372171 (kkt.)
039 #9 - LEVEL OF BIBLIOGRAPHIC CONTROL AND CODING DETAIL [OBSOLETE]
Level of rules in bibliographic description 201204131443
Level of effort used to assign nonsubject heading access points m_fadzli
Level of effort used to assign subject headings 201102241549
Level of effort used to assign classification jalil
Level of effort used to assign subject headings 201101210839
Level of effort used to assign classification manorrazila
Level of effort used to assign subject headings 201006300940
Level of effort used to assign classification ladduni
040 ## - CATALOGING SOURCE
Original cataloging agency AKMAL
Transcribing agency AKMAL
049 ## - LOCAL HOLDINGS (OCLC)
Holding library klpmal
082 04 - DEWEY DECIMAL CLASSIFICATION NUMBER
Classification number 158.4 MOH
Edition number 22
090 00 - LOCALLY ASSIGNED LC-TYPE CALL NUMBER (OCLC); LOCAL CALL NUMBER (RLIN)
Classification number (OCLC) (R) ; Classification number, CALL (RLIN) (NR) 158.4
Local cutter number (OCLC) ; Book number/undivided call number, CALL (RLIN) MOH
090 20 - LOCALLY ASSIGNED LC-TYPE CALL NUMBER (OCLC); LOCAL CALL NUMBER (RLIN)
Classification number (OCLC) (R) ; Classification number, CALL (RLIN) (NR) 158.4
Local cutter number (OCLC) ; Book number/undivided call number, CALL (RLIN) MOH
100 0# - MAIN ENTRY--PERSONAL NAME
Personal name Mohd. Fadzilah Kamsah,
Titles and words associated with a name Dato',
Dates associated with a name 1951-
9 (RLIN) 1278
245 10 - TITLE STATEMENT
Title Kunci menjadi individu berkredibiliti :
Remainder of title faktor mengapa orang percaya kepada kita /
Statement of responsibility, etc. Dato' Mohd. Fadzilah Kamsah & Ahmad Naim Jaafar
260 ## - PUBLICATION, DISTRIBUTION, ETC.
Place of publication, distribution, etc. Pahang :
Name of publisher, distributor, etc. PTS Millennia ,
Date of publication, distribution, etc. 2005 [reprinted 2008]
300 ## - PHYSICAL DESCRIPTION
Extent xiv, 178ms. :
Dimensions 23cm.
490 1# - SERIES STATEMENT
Series statement Siri pembangunan diri
500 ## - GENERAL NOTE
General note Mengandungi biografi
650 10 - SUBJECT ADDED ENTRY--TOPICAL TERM
Topical term or geographic name entry element Leadership
General subdivision Psychology
9 (RLIN) 1498
650 20 - SUBJECT ADDED ENTRY--TOPICAL TERM
Topical term or geographic name entry element Interpersonal relations
9 (RLIN) 487
700 0# - ADDED ENTRY--PERSONAL NAME
Personal name Ahmad Naim Jaafar
9 (RLIN) 1291
830 #0 - SERIES ADDED ENTRY--UNIFORM TITLE
Uniform title Siri pembangunan diri
9 (RLIN) 1361
856 41 - ELECTRONIC LOCATION AND ACCESS
Uniform Resource Identifier <a href="ftp://tag856.pnm.gov.my/tag856/buku/9833372171.pdf">ftp://tag856.pnm.gov.my/tag856/buku/9833372171.pdf</a>
Link text Electronic Resource
942 ## - ADDED ENTRY ELEMENTS (KOHA)
Source of classification or shelving scheme
Koha item type Book
Holdings
Withdrawn status Lost status Source of classification or shelving scheme Damaged status Not for loan Collection code Home library Current library Date acquired Inventory number Total Checkouts Full call number Barcode Date last seen Price effective from Koha item type Date last checked out
          NON-FICTION AKMAL Melaka AKMAL Melaka 04.05.2017 100519   158.4 MOH 201701671 04.05.2017 04.05.2017 Book  
          NON-FICTION AKMAL Melaka AKMAL Melaka 04.05.2017 100520 1 158.4 MOH 201701670 28.04.2023 04.05.2017 Book 19.04.2023
Pusat Sumber Maklumat Dato' Haji Sarmin Md Hussin, Akademi Kastam Diraja Malaysia, Melaka
Tel: 06-2331106 | Faks: 06-2313787